00423nam a2200109Ia 4500008004100000082001800041100001200059245009200071260003500163630001800198650009700216211109s9999||||xx |||||||||||||| ||und|| a541.28bGAN-V aGans, P 0aVibrating Molecules:An Introduction to the Interpretation of Infrared and Raman Spectra bChapman & Co LtdaLondonc1971 xGeneral Stack a Vibrational spectra vInfrared spectraMolecular spectroscopyPhysical chemistryxChemistry